[Event "CZE-tht Extraliga 2018-19"]
[Site "Czech Republic"]
[Date "2018.11.04"]
[Round "2"]
[White "Balogh, Csaba"]
[Black "Rodshtein, Maxim"]
[Result "1/2-1/2"]
[WhiteElo "2625"]
[BlackElo "2674"]
[Annotator "TA"]
[PlyCount "58"]
[EventDate "2018.11.03"]
[EventType "team-tourn"]
[EventCountry "CZE"]
[SourceTitle "playchess.com"]
[Source "ChessBase"]
[SourceQuality "1"]
[WhiteTeam "Moravská Slavia Brno"]
[BlackTeam "ŠK ZIKUDA Turnov"]

{[%evp 27,58,0,11,0,0,-6,0,0,0,0,0,0,0,0,0,0,0,0,0,0,0,0,0,0,0,0,0,0,0,0,0,0,0]} 1. e4 c6 2. d4 d5 3. Nc3 dxe4 4. Nxe4 Bf5 5. Ng3 Bg6 6. h4 h6 7. Nf3 e6 8. Ne5 Bh7 9. Bd3 Bxd3 10. Qxd3 Nd7 {B19: Classical Caro-Kann: 4...Bf5 main line} 11. f4 Be7 12. Nh5 Ngf6 13. Nxg7+ Kf8 14. Nxe6+ fxe6 {LiveBook: 4 Games. The position is equal.} 15. Bd2 Rh7 $1 16. Rh3 c5 $146 ({Predecessor:} 16... Rg7 17. f5 Nxe5 18. dxe5 Qxd3 19. Rxd3 Rxg2 20. exf6 Bxf6 {½-½ (49) Jones,G (2654)-Gumularz,S (2376) London 2017}) 17. O-O-O cxd4 18. Rg3 $1 Qc7 19. Qg6 Nc5 20. Re1 Rc8 {[#] aiming for ...Nce4!} 21. Bb4 {And now Bxc5 would win.} Nce4 {[%csl Gc8][%cal Rc7c2]} 22. Bxe7+ Rxe7 {[%csl Gc8][%cal Rc7c2]} ({But not} 22... Kxe7 $6 {[#]} 23. Qxh7+ $1 {[%mdl 512]} Nxh7 24. Rg7+ Kd6 25. Rxc7 $16) 23. Qxh6+ Rg7 {[%csl Gc8][%cal Rc7c2]} 24. Qh8+ Rg8 25. Rxg8+ Nxg8 {[%csl Gc8][%cal Rc7c2]} 26. Ng6+ $1 Kf7 {[%csl Gc8][%cal Rc7c2]} 27. Ne5+ Kf8 {[%csl Gc8][%cal Rc7c2]} 28. Ng6+ $1 Kf7 {[%csl Gc8][%cal Rc7c2]} 29. Ne5+ Kf8 {Precision: White = 86%, Black = 85%.} 1/2-1/2

[Event "CZE-tht Extraliga 2018-19"]
[Site "Czech Republic"]
[Date "2018.11.04"]
[Round "2"]
[White "Fedorov, Alexei"]
[Black "Vrbata, Zbynek"]
[Result "1-0"]
[WhiteElo "2568"]
[BlackElo "2339"]
[Annotator "RC"]
[PlyCount "147"]
[EventDate "2018.11.03"]
[EventType "team-tourn"]
[EventCountry "CZE"]
[SourceTitle "playchess.com"]
[Source "ChessBase"]
[SourceQuality "1"]
[WhiteTeam "Beskydská šachová škola"]
[BlackTeam "Siesta Solution Unichess B"]
[TimeControl "40/5400+30:1800+30"]

1. e4 {[%emt 0:00:00]} e6 {[%emt 0:00:00]} 2. d3 {[%emt 0:00:00]} d5 {[%emt 0:00:00]} 3. Qe2 {[%emt 0:00:00]} Nc6 {[%emt 0:04:32]} 4. Nf3 {[%emt 0:00:00]} dxe4 {[%emt 0:01:56]} 5. dxe4 {[%emt 0:00:00]} e5 {[%emt 0:01:50]} 6. c3 {[%emt 0:00:15]} Nf6 {[%emt 0:01:27]} 7. Qc2 {[%emt 0:03:46]} Bg4 {[%emt 0:03:28]} 8. Nbd2 {[%emt 0:01:22]} Bd6 {[%emt 0:05:47]} 9. Be2 {[%emt 0:00:20]} O-O {[%emt 0:00:53]} 10. Nc4 {[%emt 0:02:37]} h6 {[%emt 0:05:49]} 11. h3 {[%emt 0:02:51]} Bh5 {[%emt 0:06:51]} 12. Nh4 {[%emt 0:02:40]} Bxe2 {[%emt 0:01:09]} 13. Qxe2 {[%emt 0:00:04]} b5 {[%emt 0:02:35]} 14. Ne3 {[%emt 0:09:03]} Nxe4 {[%emt 0:06:33]} 15. Nhf5 {[%emt 0:11:15]} Nf6 {[%emt 0:07:30]} 16. Ng4 {[%emt 0:01:05]} Re8 {[%emt 0:13:27]} 17. Qxb5 {[%emt 0:17:24]} Nxg4 {[%emt 0:02:04]} 18. hxg4 {[%emt 0:04:22]} Ne7 {[%emt 0:02:54]} 19. Be3 {[%emt 0:02:50]} Rb8 {[%emt 0:04:53]} 20. Qe2 {[%emt 0:00:29]} Nd5 {[%emt 0:03:37]} 21. Kf1 {[%emt 0:06:02]} Nf4 {[%emt 0:03:26]} 22. Qc2 {[%emt 0:10:38]} Qd7 {[%emt 0:01:44]} 23. b3 {[%emt 0:01:13]} Qc6 {[%emt 0:05:05]} 24. Bxf4 {[%emt 0:03:31]} exf4 {[%emt 0:00:08]} 25. Rh3 {[%emt 0:00:41]} Be7 {[%emt 0:09:28]} 26. Nd4 {[%emt 0:02:35]} Qb6 {[%emt 0:01:50]} 27. Nf3 {[%emt 0:06:54]} Bf6 {[%emt 0:01:53]} 28. Rd1 {[%emt 0:01:49]} Rbd8 {[%emt 0:00:36]} 29. Rxd8 {[%emt 0:01:04]} Rxd8 {[%emt 0:00:03]} 30. Rh5 {[%emt 0:01:26]} Qd6 {[%emt 0:01:07]} 31. c4 {[%emt 0:00:49]} c6 {[%emt 0:01:24]} 32. Kg1 {[%emt 0:03:41]} Qd1+ {[%emt 0:00:49]} 33. Qxd1 {[%emt 0:00:03]} Rxd1+ {[%emt 0:00:01]} 34. Kh2 {[%emt 0:00:04]} g5 {[%emt 0:00:07]} 35. Rxh6 {[%emt 0:00:26]} Kg7 {[%emt 0:00:01]} 36. Rh5 {[%emt 0:00:53]} Kg6 {[%emt 0:00:04]} 37. g3 {[%emt 0:00:13]} fxg3+ {[%emt 0:00:32]} 38. Kxg3 {[%emt 0:00:45]} a5 {[%emt 0:00:45]} 39. Kg2 {[%emt 0:00:29]} Ra1 {[%emt 0:00:08]} 40. a4 {[%emt 0:00:49]} Rb1 {[%emt 0:00:26]} 41. Rh3 {[%emt 0:30:03]} Rb2 {[%emt 0:06:16]} 42. Nh2 {[%emt 0:00:00]} Be5 {[%emt 0:04:33]} 43. Nf1 {[%emt 0:00:00]} f5 {[%emt 0:03:46]} 44. Ne3 {[%emt 0:00:00]} fxg4 {[%emt 0:02:44]} 45. Nxg4 {[%emt 0:00:00]} Bd4 {[%emt 0:02:17]} 46. Rd3 {[%emt 0:00:00]} c5 {[%emt 0:01:31]} 47. Rf3 {[%emt 0:00:00]} Rb1 {[%emt 0:00:44]} 48. Nh2 {[%emt 0:00:00]} Be5 {[%emt 0:05:45]} 49. Rd3 {[%emt 0:00:00]} Rb2 {[%emt 0:03:01]} 50. Nf3 {[%emt 0:00:00]} Bf4 {[%emt 0:00:31]} 51. Kf1 {[%emt 0:00:41]} Kf6 {[%emt 0:02:20]} 52. Ne1 {[%emt 0:02:33]} Kg6 {[%emt 0:02:54]} 53. Rd5 {[%emt 0:03:03]} Rxb3 {[%emt 0:00:33]} 54. Nd3 {[%emt 0:00:17]} Ra3 {[%emt 0:01:06]} 55. Nxc5 {[%emt 0:02:01]} Rc3 {[%emt 0:00:27]} 56. Nd3 {[%emt 0:00:40]} Rxc4 {[%emt 0:00:25]} 57. Rxa5 {[%emt 0:00:19]} Kf6 {[%emt 0:01:00]} 58. Ke2 {[%emt 0:00:39]} Rc2+ {[%emt 0:00:21]} 59. Kf3 {[%emt 0:00:37]} Bd2 {[%emt 0:00:24]} 60. Rd5 {[%emt 0:01:14]} Ra2 {[%emt 0:00:10]} 61. Rd4 {[%emt 0:00:39]} Bc3 {[%emt 0:00:17]} 62. Rc4 {[%emt 0:00:10]} Bd2 {[%emt 0:00:07]} 63. Ke4 {[%emt 0:00:27]} Ra3 {[%emt 0:00:30]} 64. Rc6+ {[%emt 0:00:10]} Ke7 {[%emt 0:00:08]} 65. Ra6 {[%emt 0:00:09]} Bc3 {[%emt 0:00:57]} 66. f3 {[%emt 0:00:54]} Bd2 {[%emt 0:00:12]} 67. Ne5 {[%emt 0:00:24]} Re3+ {[%emt 0:00:28]} 68. Kd5 {[%emt 0:00:33]} Kf8 {[%emt 0:00:36]} 69. Rf6+ {[%emt 0:00:29]} Kg7 {[%emt 0:00:16]} 70. Rg6+ {[%emt 0:00:28]} Kh7 {[%emt 0:00:07]} 71. Rxg5 {[%emt 0:00:20]} Bc3 {[%emt 0:01:22]} 72. f4 {[%emt 0:00:28]} Re1 {[%emt 0:00:20]} 73. Rg3 {[%emt 0:00:28]} Bd2 {[%emt 0:00:11]} 74. Nf3 1-0

[Event "CZE-tht Extraliga 2018-19"]
[Site "Czech Republic"]
[Date "2018.11.04"]
[Round "2"]
[White "Stocek, Jiri"]
[Black "Ponizil, Cyril"]
[Result "0-1"]
[WhiteElo "2567"]
[BlackElo "2494"]
[Annotator "TA"]
[PlyCount "62"]
[EventDate "2018.11.03"]
[EventType "team-tourn"]
[EventCountry "CZE"]
[SourceTitle "playchess.com"]
[Source "ChessBase"]
[SourceQuality "1"]
[WhiteTeam "GASCO Pardubice"]
[BlackTeam "ŠK DURAS BVK Královo Pole"]

{[%evp 26,62,37,16,43,20,61,41,39,55,125,81,361,260,272,261,247,118,122,120,121,122,120,120,120,126,126,126,126,126,126,126,127,127,124,121,122,-637,-630]} 1. d4 {Vitiugov,N} Nf6 2. c4 e6 3. Nc3 Bb4 4. e3 O-O 5. Bd3 d5 6. Nf3 c5 7. O-O dxc4 8. Bxc4 Nbd7 9. a3 cxd4 10. axb4 dxc3 11. bxc3 Qc7 12. Be2 {E55: Nimzo-Indian: Rubinstein: Main Line: 7...dxc4 8 Bxc4 Nbd7} Qxc3 13. Rb1 Qc7 14. Bb2 {[%mdl 1024] [#] LiveBook: 4 Games. White is slightly better. White has compensation.} Re8 $146 ({Predecessor:} 14... e5 15. Qb3 a5 16. Rbc1 Qb8 17. bxa5 Rxa5 18. Ba3 Rxa3 19. Qxa3 b6 {1-0 (69) Vitiugov,N (2707)-Karjakin,S (2739) Poikovsky 2010 CBM 137 [Vitiugov,N]}) 15. Qb3 Nb6 16. Rfd1 Qe7 17. Ne5 Nfd5 ({Black should try} 17... Nfd7 $14) 18. e4 Nxb4 $2 {[%mdl 8192]} (18... Nf6 $16 {was necessary.}) 19. Bb5 Rf8 20. Ba3 a5 {[#]} 21. Nd3 (21. Qe3 $1 $18 {[%cal Re3b6] and the rest is easy.} Qc7 22. Bb2) 21... Qg5 $16 22. Nxb4 Qxb5 23. Qg3 axb4 24. Bxb4 $40 {[%mdl 128] White wants a kill.} Qe8 ({Wrong is} 24... Re8 $2 25. Bc3 $18) 25. Bxf8 Qxf8 26. Rxb6 Bd7 27. Rbd6 Bc6 28. f3 Qe7 29. Qe5 h6 30. R6d2 Kh7 31. Ra1 $2 {[%mdl 8192] [#]} (31. h3 $16) 31... Qg5 {Precision: White = 53%, Black = 43%.} 0-1

[Event "CZE-tht Extraliga 2018-19"]
[Site "Czech Republic"]
[Date "2018.11.04"]
[Round "2"]
[White "Sadzikowski, Daniel"]
[Black "Movsesian, Sergei"]
[Result "1/2-1/2"]
[WhiteElo "2558"]
[BlackElo "2633"]
[Annotator "TA"]
[PlyCount "62"]
[EventDate "2018.11.03"]
[EventType "team-tourn"]
[EventCountry "CZE"]
[SourceTitle "playchess.com"]
[Source "ChessBase"]
[SourceQuality "1"]
[WhiteTeam "ŠK DURAS BVK Královo Pole"]
[BlackTeam "GASCO Pardubice"]

{[%evp 16,62,33,20,26,20,45,20,27,22,31,22,23,23,38,46,48,40,59,26,25,22,46,41,31,0,36,40,45,0,0,-6,0,0,0,0,0,0,0,0,0,0,0,0,0,0,0,0,0]} 1. e4 c5 2. Nf3 e6 3. d4 cxd4 4. Nxd4 Nc6 5. Nc3 a6 6. Be3 Nf6 7. Qf3 {B46: Sicilian: Taimanov: 5 Nc3 a6} Bb4 8. Nxc6 bxc6 9. Qg3 {LiveBook: 3 Games. White is slightly better.} Nxe4 $146 ({Predecessor:} 9... Nh5 10. Qg4 g6 11. O-O-O Qa5 12. Bd2 Rb8 13. Bc4 O-O 14. Bb3 c5 {1-0 (44) Oparin,G (2602)-Rublevsky,S (2683) Moscow 2017}) 10. Qxg7 Qf6 11. Qxf6 Nxf6 12. Bd4 Ke7 13. a3 Ba5 14. O-O-O d5 15. Na4 Rg8 16. Bc5+ Kd8 17. b4 Bc7 18. Nb6 Bxb6 19. Bxb6+ Ke7 20. f3 Nd7 (20... a5 $5) 21. Ba5 $1 c5 22. c4 Bb7 {The position is equal.} 23. Rd2 Rgc8 24. Kb2 Ke8 25. cxd5 Bxd5 26. Be2 cxb4 27. axb4 Ne5 28. Rc1 Nc4+ 29. Bxc4 $1 Rxc4 30. Rxc4 Bxc4 31. Rd4 Rc8 {Precision: White = 60%, Black = 60%.} 1/2-1/2

[Event "CZE-tht Extraliga 2018-19"]
[Site "Czech Republic"]
[Date "2018.11.04"]
[Round "2"]
[White "Hracek, Zbynek"]
[Black "Dragnev, Valentin"]
[Result "1/2-1/2"]
[WhiteElo "2556"]
[BlackElo "2508"]
[Annotator "TA"]
[PlyCount "53"]
[EventDate "2018.11.03"]
[EventType "team-tourn"]
[EventCountry "CZE"]
[SourceTitle "playchess.com"]
[Source "ChessBase"]
[SourceQuality "1"]
[WhiteTeam "GASCO Pardubice"]
[BlackTeam "ŠK DURAS BVK Královo Pole"]

{[%evp 25,53,0,0,0,14,0,0,0,0,0,0,-46,-36,-39,-36,-36,-35,-41,-41,-67,-83,-140,-87,-99,22,0,41,-101,90,61]} 1. Nf3 d5 2. e3 Nf6 3. c4 e6 4. d4 c5 5. cxd5 exd5 6. Bb5+ Nc6 7. O-O cxd4 8. Nxd4 Bd7 9. Nc3 Bd6 {D32: Tarrasch Defence: Sidelines and lines without g3} 10. Nf3 (10. b3 O-O 11. Bb2 Re8 12. Nf3 Bg4 13. Bxc6 bxc6 14. Rc1 Be5 15. Na4 Bxb2 16. Nxb2 Rc8 17. h3 Bxf3 18. Qxf3 {½-½ (61) So,W (2778)-Anand,V (2759) Leuven 2018}) 10... Be6 11. b3 O-O 12. Bb2 a6 13. Be2 Rc8 {LiveBook: 4 Games} 14. Rc1 Re8 15. Qd3 Qd7 16. Rfd1 Bf5 17. Qd2 $1 Rcd8 $146 ({Predecessor:} 17... Bb4 18. Bd3 Bg4 19. a3 Bxf3 20. gxf3 {½-½ (19) Dos Santos,M (1172)-Baranowski,T (2293) LSS email 2010}) 18. Nd4 Nxd4 19. Qxd4 Be5 20. Qh4 Qe7 21. h3 h6 22. Bf1 b5 23. g4 ({White should try} 23. a3) 23... Bc8 ({Better is} 23... Bg6 24. Re1 Qa7) 24. Bg2 Qa7 (24... Bb7 $17 {Hoping for ...d4.} 25. Re1 b4) 25. Rd2 Qe7 {[#] Strongly threatening ...d4.} 26. Rdd1 (26. Ne2 $14 {keeps the upper hand.}) 26... Qf8 $2 (26... Bb7 $17 {Threatens to win with ...d4.} 27. Re1 b4) 27. f4 {Precision: White = 34%, Black = 49%.} 1/2-1/2

[Event "CZE-tht Extraliga 2018-19"]
[Site "Czech Republic"]
[Date "2018.11.04"]
[Round "2"]
[White "Nguyen, Thai Dai Van"]
[Black "Kociscak, Jiri"]
[Result "0-1"]
[WhiteElo "2556"]
[BlackElo "2486"]
[Annotator "TA"]
[PlyCount "106"]
[EventDate "2018.11.03"]
[EventType "team-tourn"]
[EventCountry "CZE"]
[SourceTitle "playchess.com"]
[Source "ChessBase"]
[SourceQuality "1"]
[WhiteTeam "Siesta Solution Unichess A"]
[BlackTeam "Labortech Ostrava"]

{[%evp 15,106,27,43,41,30,24,26,16,35,0,0,0,0,0,0,0,0,0,0,0,0,-32,38,0,0,-45,-39,-40,0,-18,-15,-75,-37,-43,-34,-63,-57,-54,-56,-143,-135,-127,-68,-63,-63,-97,-96,-97,-96,-95,-97,-125,-89,-95,-86,-89,-61,-87,-85,-124,-119,-134,-121,-195,-185,-185,-170,-237,-224,-236,-238,-234,-189,-244,-231,-235,-213,-256,-248,-448,-451,-484,-475,-707,-704,-801,-777,-872,-847,-813,-627,-1565,-1453]} 1. e4 e5 2. Nf3 Nc6 3. Bc4 Nf6 4. d3 Be7 5. O-O O-O 6. Re1 d6 7. a4 h6 8. h3 {C55: Two Knights: 4 d3, 4 d4 exd4 5 e5 and Max Lange Attack} (8. c3 a6 9. Nbd2 Be6 10. Qc2 Qd7 11. b4 Nh7 12. Bxe6 fxe6 13. Bb2 b6 14. b5 axb5 15. axb5 Na5 16. c4 {½-½ (54) So,W (2812)-Ivanchuk,V (2738) Leuven 2017}) 8... Re8 {LiveBook: 4 Games} 9. c3 Bf8 10. Nbd2 {White has an edge.} Be6 11. b4 $146 ({Predecessor:} 11. a5 Bxc4 12. dxc4 Qd7 13. Nf1 Nd8 {½-½ (26) Yurtseven,M (2307)-Anwesh,U (2409) Lvov 2015}) 11... a6 12. Qc2 Bxc4 13. Nxc4 d5 14. exd5 Qxd5 {Threatens to win with ...e4.} 15. Ne3 Qd7 16. Bb2 b5 17. Rad1 Rad8 18. d4 e4 ({Better is} 18... exd4 $15 19. Nxd4 Nxd4 20. Rxd4 Qe6) 19. Ne5 Qe6 20. f4 exf3 21. Nxf3 {[#] d5! is the strong threat.} Nd5 22. Ng4 Qd6 23. Qf2 (23. axb5 $11 {remains equal.} axb5 24. Bc1) 23... f6 24. axb5 axb5 25. Nd2 Qd7 26. Qf3 Nce7 27. Ne4 {[#]} (27. Nf1 $15) 27... Qf5 $1 $17 28. Qd3 h5 (28... Qg6 $17 {Hoping for ...f5.} 29. Qxb5 h5) 29. Ngf2 $15 c6 30. Nc5 Qxd3 31. Nfxd3 Nf5 32. Nb7 Rc8 33. Na5 Kf7 34. Rxe8 Kxe8 35. Re1+ Kd7 36. Nb3 Ra8 37. Ndc5+ Bxc5 38. Nxc5+ Kd6 39. Nb7+ (39. g4 $17 hxg4 40. hxg4) 39... Kc7 $19 40. Na5 Kd7 41. Nb3 (41. g4 {might work better.} hxg4 42. hxg4) 41... Ra2 42. Nc5+ Kd8 43. Nd3 Nfe3 44. g3 (44. Ra1 {was worth a try.} Rxa1+ 45. Bxa1) 44... g5 45. h4 Kd7 46. hxg5 fxg5 47. Re2 $2 (47. Nc5+ {is a better defense.} Kc7 48. Nd3) 47... Nc4 {Black is clearly winning.} 48. Ne5+ Kc7 ({Less strong is} 48... Nxe5 49. dxe5 Nxc3 50. e6+ Ke8 51. Rg2 $19) 49. Nxc4 (49. Nd3 $142 Nxc3 50. Rh2 Nxb2 51. Nxb2) 49... bxc4 50. Kf2 Kb6 51. Ke1 h4 52. gxh4 gxh4 53. Rd2 Nf4 {Precision: White = 30%, Black = 73%.} 0-1

[Event "CZE-tht Extraliga 2018-19"]
[Site "Czech Republic"]
[Date "2018.11.04"]
[Round "2"]
[White "Markowski, Tomasz"]
[Black "Navara, David"]
[Result "1/2-1/2"]
[WhiteElo "2551"]
[BlackElo "2740"]
[Annotator "TA"]
[PlyCount "57"]
[EventDate "2018.11.03"]
[EventType "team-tourn"]
[EventCountry "CZE"]
[SourceTitle "playchess.com"]
[Source "ChessBase"]
[SourceQuality "1"]
[WhiteTeam "ŠK Slavoj Poruba"]
[BlackTeam "1. Novoborský ŠK"]

{[%evp 9,57,0,0,0,0,0,0,0,0,0,15,6,8,5,7,7,10,29,11,11,11,11,11,11,6,6,8,13,20,9,31,21,25,23,14,23,58,25,17,16,16,13,39,9,9,0,0,0,0,0]} 1. c4 e5 2. e3 Nf6 3. a3 g6 (3... c6 4. Nf3 e4 5. Nd4 d5 6. cxd5 cxd5 7. d3 Bc5 8. Nc3 O-O 9. Be2 exd3 10. Qxd3 Nc6 11. O-O Nxd4 12. exd4 {1-0 (47) Nakamura,H (2775)-Wang,H (2743) Stavanger 2013}) 4. b4 d5 $146 ({Predecessor:} 4... Bg7 5. Bb2 Qe7 6. d3 a5 7. Nd2 O-O 8. Ngf3 d6 9. Be2 Nc6 10. b5 Nd8 11. c5 {1-0 (45) Flores,D (2598)-Mareco,S (2581) Buenos Aires 2012}) 5. cxd5 Nxd5 6. Bb2 {A20: English Opening: 1...e5} Bg7 7. Nf3 Qe7 8. Be2 O-O 9. O-O a5 10. Nc3 Nb6 11. Na4 N8d7 12. Nxb6 Nxb6 13. Qc2 Re8 14. b5 Bg4 15. Rac1 e4 16. Nd4 Bxd4 17. Bxg4 Bxb2 18. Qxb2 Rad8 19. Be2 Rd7 20. Rfd1 Red8 21. g3 h5 22. Qc3 h4 23. Qxa5 (23. Bg4 {keeps more tension.} f5 24. Be2 a4 25. d3 h3 26. Bf1) 23... Ra8 24. Qb4 hxg3 25. hxg3 {Threatening d3.} Rxa3 26. Qxe7 Rxe7 {The position is equal.} 27. Ra1 Rxa1 28. Rxa1 Nd7 29. d4 {Precision: White = 80%, Black = 84%.} 1/2-1/2

[Event "CZE-tht Extraliga 2018-19"]
[Site "Czech Republic"]
[Date "2018.11.04"]
[Round "2"]
[White "Yemelin, Vasily"]
[Black "Straka, Vojtech"]
[Result "1-0"]
[WhiteElo "2536"]
[BlackElo "2393"]
[Annotator "TA"]
[PlyCount "125"]
[EventDate "2018.11.03"]
[EventType "team-tourn"]
[EventCountry "CZE"]
[SourceTitle "playchess.com"]
[Source "ChessBase"]
[SourceQuality "1"]
[WhiteTeam "Výstavište Lysá nad Labem"]
[BlackTeam "Slavoj Ceský Tešín"]

{[%evp 17,125,25,47,54,53,51,65,51,54,46,116,127,117,104,104,99,83,87,197,187,381,230,196,195,188,171,417,420,404,412,504,358,257,216,222,234,224,208,232,227,256,236,223,221,303,308,362,355,355,381,463,463,459,458,458,460,452,197,197,0,452,453,760,825,822,465,820,811,804,802,792,766,818,563,516,463,756,764,954,945,836,734,1401,1128,920,1448,1391,1362,1342,1150,927,627,4702,4694,29971,29972,29970,29969,29974,29975,29981,29975,29988,0,29972,0,29988,29989,29992,29989]} 1. e4 c5 2. Nf3 g6 3. d4 cxd4 4. Qxd4 Nf6 5. Nc3 Nc6 6. Qa4 d6 7. e5 Ng4 {B27: Sicilian: 2 Nf3, unusual Black 2nd moves} 8. Bb5 Bg7 9. exd6 O-O {LiveBook: 5 Games. White has an edge.} 10. h3 Nge5 11. Nxe5 Bxe5 12. dxe7 $146 ({Predecessor:} 12. Bxc6 bxc6 13. dxe7 Qxe7 14. O-O Bf5 15. Qxc6 {1-0 (34) Antal,G (2478)-Jones,G (2453) Millfield 2004}) 12... Qxe7 13. O-O Nd4 {[#]} (13... Bd7 $14) 14. Re1 $1 $16 {Strongly threatening Qxd4!} Qf6 15. Nd5 Qd6 16. Bf4 $36 {[%mdl 2048] White is in control.} Bxf4 17. Qxd4 Bg5 (17... Be6 $16 {was necessary.} 18. Bc4 (18. Qxf4 Qxd5 19. Bd3 Rfd8 $16) 18... Bxd5 19. Bxd5 Rae8) 18. Rad1 $18 Bf5 $2 (18... Bd8 19. c4 b6) 19. c3 a6 20. h4 Bd8 21. Ba4 Rc8 $2 (21... b5 {might work better.}) 22. g4 b5 {[#]} 23. Bb3 $1 ({Not} 23. gxf5 Rc4 $14) 23... Bd7 24. g5 {Hoping for Nf6+.} Qc5 25. Qxc5 Rxc5 26. Ne7+ Bxe7 27. Rxe7 Bc8 28. Rd6 Rf5 29. Rf6 Rxf6 30. gxf6 {[%mdl 4096] Endgame KRB-KRB} h6 31. f4 a5 32. Kf2 a4 33. Bd5 Be6 34. Bxe6 fxe6 {KR-KR} 35. Rg7+ Kh8 36. Rxg6 Kh7 37. Rg7+ (37. h5 $142) 37... Kh8 38. Rg6 $2 (38. Re7) 38... Kh7 39. h5 a3 (39... Rc8 $142 40. a3 Rc5) 40. bxa3 Rc8 41. Rg7+ Kh8 42. Re7 Rf8 43. Rxe6 Kg8 44. Rc6 Rd8 45. Rc5 Kf7 46. Rxb5 Rc8 (46... Ra8 $142 47. Kf3 Rxa3) 47. Kf3 Rxc3+ 48. Kg4 Kxf6 49. Rb6+ Kg7 50. Ra6 Rc5 51. a4 {[%cal Ba3a4,Ba4a5,Ba5a6][%mdl 32]} Rd5 52. a5 Rc5 53. Ra8 Rd5 54. Ra7+ Kg8 55. a6 Ra5 56. f5 Ra4+ 57. Kg3 Rxa2 58. f6 Ra5 59. Ra8+ Kh7 60. Ra7+ Kg8 61. Ra8+ Kh7 $1 62. f7 Rf5 63. f8=R {Precision: White = 72%, Black = 30%.} 1-0

[Event "CZE-tht Extraliga 2018-19"]
[Site "Czech Republic"]
[Date "2018.11.04"]
[Round "2"]
[White "Cyborowski, Lukasz"]
[Black "Heberla, Bartlomiej"]
[Result "0-1"]
[WhiteElo "2526"]
[BlackElo "2542"]
[Annotator "TA"]
[PlyCount "122"]
[EventDate "2018.11.03"]
[EventType "team-tourn"]
[EventCountry "CZE"]
[SourceTitle "playchess.com"]
[Source "ChessBase"]
[SourceQuality "1"]
[WhiteTeam "ŠK ZIKUDA Turnov"]
[BlackTeam "Moravská Slavia Brno"]

{[%evp 15,122,-5,-7,-12,-5,-13,-4,-51,-37,-38,-38,-39,-45,-72,-75,-72,-76,-55,-82,-84,-71,-70,-69,-116,-121,-125,-99,-88,0,-102,-110,-152,-91,-75,-52,-56,-66,-58,-76,-58,-53,-75,-54,-56,-56,-80,-75,-77,-81,-75,-82,-79,-79,-77,-75,-98,-87,-164,-163,-142,-157,-152,-145,-326,-326,-326,-326,-319,-312,-392,-392,-364,-352,-287,-280,-279,-279,-547,-547,-547,-547,-547,-547,-547,-260,-547,-547,-547,-547,-547,-547,-547,-547,-467,-356,-547,-229,-229,-229,-1031,-902,-1987,-1331,-29965,-29965,-29972,-29973,-29970,-29972]} 1. d4 d5 2. Nf3 e6 3. g3 Nf6 4. Bg2 b5 5. b3 (5. O-O Be7 6. Nbd2 O-O 7. Ne5 Bb7 8. Nb3 a5 9. a4 b4 10. c4 bxc3 {½-½ (10) Hera,I (2620)-Piorun,K (2633) Brest 2018}) 5... Bb7 6. c4 {A46: Damenbauernspiele} bxc4 7. bxc4 dxc4 8. Qa4+ Nbd7 {LiveBook: 5 Partien} 9. Qxc4 c5 10. O-O Rc8 11. Bg5 $146 ({Vorgänger:} 11. Qa4 Bc6 12. Qd1 cxd4 13. Nxd4 Bxg2 14. Kxg2 {0-1 (27) Straub,P (2122)-Greet,A (2423) Hastings 2009}) 11... cxd4 12. Qxd4 Bc5 13. Qa4 Bc6 $36 {[%mdl 2048] Schwarz steht aktiver.} 14. Qh4 O-O 15. Nbd2 h6 16. Bxf6 Nxf6 17. Nb3 Bb6 18. Rac1 Qd6 19. Nfd4 {[%cal Rd4c6]} Bd7 20. Nc2 Qe5 21. Ncd4 Qd6 22. Nc2 $1 a5 23. Qf4 Qxf4 (23... e5 $142 24. Qd2 Qxd2 25. Nxd2 Be6) 24. gxf4 $17 a4 25. Nbd4 Rc4 26. e3 Rfc8 {[%cal Bf8c8,Bc8c7,Bc7d7][%mdl 32] zielt auf ...Lxd4 ab.} 27. Rb1 Bc5 28. Rfd1 a3 29. Bf1 Rc3 30. Ba6 Rc7 31. Bb5 g5 32. Bxd7 Rxd7 33. fxg5 hxg5 {Droht stark ...e5.} 34. Rdc1 Ne4 35. Ne2 Rcd3 36. Ne1 (36. Ng3 $17 {ist wohl besser.} Nxg3 37. hxg3) 36... Rd2 $19 37. Ng3 Nxg3 ({Doch nicht} 37... Nxf2 $6 38. Rxc5 Nh3+ 39. Kh1 $15) 38. hxg3 {[#]} Rb2 $1 39. Rxb2 $2 (39. Ra1 $17 {ist eine bessere Verteidigung.} Be7 40. Nf3) 39... axb2 $17 {[%mdl 4096] Endspiel KTL-KTS} 40. Rb1 {[#]} Rd2 $1 41. a4 Bb4 42. g4 Bc3 43. Kg2 Rd5 44. Kf3 {Wenn Weiss jetzt Zeit für Ke4 hätte...} Ra5 45. Nd3 Rxa4 46. Rxb2 $2 (46. Nxb2 Rb4 47. Nd1 Rxb1 48. Nxc3) 46... Bxb2 $19 47. Nxb2 {KT-KS} Ra2 48. Nd3 f6 49. Nc5 Kf7 50. Ne4 $2 (50. Kg3) 50... Ra4 51. Nc5 Rc4 52. Ne4 Ke7 53. Nd2 Ra4 54. Ne4 Rb4 55. Nc5 (55. Ng3 $142) 55... Kd6 (55... f5 $142 56. gxf5 exf5) 56. Ne4+ Ke5 57. Nc5 $2 (57. Nd2) 57... Kd5 58. Nd7 f5 59. gxf5 exf5 {[%cal Be6f5,Bf5f4][%mdl 32] Schwarz setzt Matt.} 60. Nf6+ Ke5 61. Nh5 f4 {Precision: Weiß = 38%, Schwarz = 78%.} 0-1